=LDR 00000nam 2200000 4500 =001 INLIS000000000023196 =005 20210324081132 =035 ##$$a 0010-061300000023196 =008 210324###########################0#ind## =041 ##$$a Ind =082 ##$$a 808.1 =090 ##$$a 808.1, Sut k =100 ##$$a Sutidja, Trim =245 1#$$a Kumpulan puisi pagi indah, /$c Trim Sutidja =260 ##$$a Jakarta :$b Bumi Aksara,$c 2005 =300 ##$$a 45 hlm, : $b ilus, ; $c 19 x 30 cm =650 #4$$a Puisi =850 ##$$a NBPNMAT =020 ##$$a 979-526-421-4 =084 ##$$a 808.1 SUT k =990 ##$$a 0001/BPAP-NTB/2016 =990 ##$$a 20612579